| 000 | 00676cam a2200205 4500500 | ||
|---|---|---|---|
| 005 | 20260405004058.0 | ||
| 041 | _afre | ||
| 042 | _adc | ||
| 100 | 1 | 0 |
_aLacroix, Alexandre _eauthor |
| 245 | 0 | 0 | _a10 stratagèmes pour clouer le bec à votre interlocuteur |
| 260 | _c2021. | ||
| 500 | _a25 | ||
| 690 | _aÉloquence | ||
| 690 | _aPolitique | ||
| 690 | _aRhétorique | ||
| 690 | _aSchopenhauer | ||
| 690 | _aStratagèmes | ||
| 786 | 0 | _nPhilosophie magazine - Hors séries | Hors-série Autome-hiver 2021 | HS51 | 2021-10-01 | p. 14-15 | 2104-9246 | |
| 856 | 4 | 1 | _uhttps://shs.cairn.info/magazine-philosophie-magazine-2021-hs51-page-14?lang=fr&redirect-ssocas=7080 |
| 999 |
_c2073501 _d2073501 |
||